000 00316nam a22001457a 4500
008 240129b ||||| |||| 00| 0 eng d
020 _a0905223888
041 _aeng
080 _21984
_a618
082 _a618MAH
100 _a15
101 _aGJINE
245 _aPRACTICAL ETHICS
_cJOSEPH MAHON
942 _2udc
_cBK
999 _c60567
_d60567